000 00975cam a2200205 4500
001 WB3826-01
008 020716n2002 000 0 eng u
035 _a(Sirsi) u118853
245 _aNew construction orders May 2002
260 _c2002
490 _aDTI Press Release
_v(C-0702) 11 July 2002, (3)
520 _aOrders in the 12 months to May 2002 rose by 1% compared to orders in the previous 12 months and orders in the three months to May 2002 rose by 13% compared to the same period a year earlier. Orders in the three months to May 2002 rose by 9% over the previous period. This was due to large increases in the infrastructure,public non-housing and private industrial sectors. Statistical tables. http://www.dti.gov.uk/construction/stats/110702/pressrel110702.htm
590 _aWB
650 _aCONSTRUCTION ORDERS
650 _aCONSTRUCTION DEMAND
650 _aCONSTRUCTION MARKET
650 _aSTATISTICS
690 _aBUILT ENVIRONMENT
942 _n0
999 _c70737
_d70737